[Event "Tarbes Blavignac 2019"]
[Site "Parc des expositions Tarbes"]
[Date "2019.04.20"]
[Round "1.27"]
[White "Taillepie, Adeline"]
[Black "Guenebeaud, Celia"]
[Result "1/2-1/2"]
[WhiteElo "1058"]
[BlackElo "1399"]
[PlyCount "87"]
[EventDate "2019.??.??"]
[WhiteTeam "Maison des Echecs Toulouse Lardenne"]
[BlackTeam "Club d'Echecs Pau Berlioz"]

1. d4 d5 2. c4 Nf6 3. cxd5 Nxd5 4. Nf3 e6 5. e4 Nb4 6. Ne5 N8c6 7. a3 Nxe5 8.
axb4 Nc6 9. Bb5 Bd7 10. Bxc6 Bxc6 11. Nc3 Bxb4 12. Qe2 O-O 13. O-O Qxd4 14. Rd1
Qe5 15. f4 Qc5+ 16. Be3 Qe7 17. Qc4 Bxc3 18. bxc3 Rfd8 19. Bc5 Qe8 20. Re1 Qd7
21. Red1 Qe8 22. Rd4 Bb5 23. Qb4 b6 24. Be7 c5 25. Rxd8 cxb4 (25... Rxd8 26.
Qb3 Qxe7) 26. Rxe8+ Bxe8 27. cxb4 b5 28. f5 a6 29. Kf2 Ra7 30. Bc5 Ra8 31. Ke3
Bc6 32. g4 g6 33. Rd1 Rb8 34. e5 Rc8 35. Rd6 Bd5 36. Rxa6 h6 37. Kf4 gxf5 38.
gxf5 Kg7 39. Kg4 Kh7 40. f6 Rg8+ 41. Kf4 h5 42. Ra7 Rg4+ 43. Ke3 Kg6 44. Bd4
1/2-1/2

[Event "Tarbes Blavignac 2019"]
[Site "Parc des expositions Tarbes"]
[Date "2019.04.20"]
[Round "1.29"]
[White "Perdu-Nemirovskaia, Matvey"]
[Black "Radault, Philippe"]
[Result "0-1"]
[WhiteElo "1030"]
[BlackElo "1399"]
[PlyCount "36"]
[EventDate "2019.??.??"]
[WhiteTeam "Echiquier de Bigorre"]
[BlackTeam "Aviron Bayonnais Echecs"]

1. Nc3 e5 2. Nf3 Nc6 3. e4 d6 4. d4 exd4 5. Nxd4 Nf6 6. Nxc6 bxc6 7. Bg5 Be7 8.
Bc4 O-O 9. O-O Be6 10. Bxe6 fxe6 11. Bxf6 Bxf6 12. Qe1 Rb8 13. e5 Bxe5 14. b3
Qh4 15. h3 Rf5 16. g3 Qxh3 17. Ne2 Rh5 18. g4 Qh1# 0-1

[Event "Tarbes Blavignac 2019"]
[Site "Parc des expositions Tarbes"]
[Date "2019.04.20"]
[Round "1.32"]
[White "Lefauqueur, Alain"]
[Black "Perdu-Nemirovskaia, Bianca"]
[Result "1-0"]
[WhiteElo "1355"]
[BlackElo "1009"]
[PlyCount "35"]
[EventDate "2019.??.??"]
[WhiteTeam "Echiquier Commingeois"]
[BlackTeam "Echiquier de Bigorre"]

1. d4 Nc6 2. c4 Nf6 3. Nc3 d5 4. e3 Bg4 5. Nf3 Qd6 6. a3 O-O-O 7. Be2 e5 8.
dxe5 Qc5 9. exf6 Rd6 10. O-O Re6 11. cxd5 Re4 12. Nxe4 Bd6 13. Nxc5 Bh3 14.
gxh3 Re8 15. dxc6 Re4 16. Nxe4 Be5 17. Qd7+ Kb8 18. Qd8# 1-0